00257nam a2200109Ia 4500100001600000650002700016654001700043245003900060260002800099300000800127546001200135 aRoth/ C.H.  aElectrical Engineering aLogic Design aFundamentls of Logic Design Edn-4 bJaico PubaBombayc1994 a770 aENGLISH